000 00583nam a2200205 a 4500
005 20140310183143.0
008 021029s19uu xx 00 eng d
020 _a0201674823
050 _aHF 5548.32
_b.D241 2000
100 _aDaum, Berthold
245 _aSuccess with electronic business /
_cBerthold Daum.
260 _a[S.n.] :
_bAddison- Wesley,
_c2000.
300 _a349 p. :
_bill. (some col.) ;
_c24 cm.
500 _aInclude index.
521 _aBSBA
650 _aComputer architecture
650 _aElectronic industries
942 _cBK
_2lcc
_kFOR
999 _c19455
_d19455